000 00573nam a2200193Ia 4500
003 IN-BaIIA
008 211028s9999 xx 000 0 eng d
020 _a0-13-256983-3
040 _cIIA Library
080 _a621
_bHIB
100 _aHibbeler, R.C.
_928482
245 0 _aMechanics of materials
_cR. C. Hibbeler
250 _a3rd ed.
260 _aNew Jersey
_bPrentice-Hall
_c2002
300 _axiii; 855p.
650 _aStrength of materials
_928170
650 _aStructural Analysis (Engineering)
_928483
942 _cBK
999 _c15423
_d15423